| 000 -LEADER |
| fixed length control field |
01422 a2200301 4500 |
| 003 - CONTROL NUMBER IDENTIFIER |
| control field |
Nust |
| 005 - DATE AND TIME OF LATEST TRANSACTION |
| control field |
20221116101438.0 |
| 020 ## - INTERNATIONAL STANDARD BOOK NUMBER |
| International Standard Book Number |
013168728X (hbk.) |
| 020 ## - INTERNATIONAL STANDARD BOOK NUMBER |
| International Standard Book Number |
013505267X |
| 020 ## - INTERNATIONAL STANDARD BOOK NUMBER |
| International Standard Book Number |
9780131687288 (hbk.) |
| 020 ## - INTERNATIONAL STANDARD BOOK NUMBER |
| International Standard Book Number |
9780135052679 (pbk.) (Pearson int. ed.) |
| 040 ## - CATALOGING SOURCE |
| Transcribing agency |
Nust |
| 082 04 - DEWEY DECIMAL CLASSIFICATION NUMBER |
| Classification number |
621.367,GON |
| 100 1# - MAIN ENTRY--PERSONAL NAME |
| Personal name |
Gonzalez, Rafael C. |
| 245 10 - TITLE STATEMENT |
| Title |
Digital image processing / |
| Statement of responsibility, etc. |
Rafael C. Gonzalez, Richard E. Woods |
| 250 ## - EDITION STATEMENT |
| Edition statement |
3. ed. |
| 260 ## - PUBLICATION, DISTRIBUTION, ETC. |
| Place of publication, distribution, etc. |
Upper Saddle River, N.J. : |
| Name of publisher, distributor, etc. |
Pearson Prentice Hall, |
| Date of publication, distribution, etc. |
cop. 2008 |
| 300 ## - PHYSICAL DESCRIPTION |
| Extent |
xxii, 954 s. : |
| Other physical details |
ill. (vissa i f�rg) |
| 505 ## - FORMATTED CONTENTS NOTE |
| Formatted contents note |
Introduction (Page-1), Digital Image Fundamentals (Page-35), Intensity Transformation and Spatial Filtering (Page-104), Filtering in the Frequency Domain (Page-199), Image Restoration (Page-311), Color Image Processing (Page-394), Wavelets and Multiresolution Processing (Page-461), Image Compression (Page-525), Morphological Image Processing (Page-627), Image Segmentation (Page-689), Representation and Description (Page-795), Object Recognition (Page-861). |
| 650 #0 - SUBJECT ADDED ENTRY--TOPICAL TERM |
| Topical term or geographic name entry element |
computer applications |
| 9 (RLIN) |
96528 |
| 650 #0 - SUBJECT ADDED ENTRY--TOPICAL TERM |
| Topical term or geographic name entry element |
Digital bildbehandling |
| 9 (RLIN) |
96529 |
| 650 #0 - SUBJECT ADDED ENTRY--TOPICAL TERM |
| Topical term or geographic name entry element |
image processing |
| 650 #0 - SUBJECT ADDED ENTRY--TOPICAL TERM |
| Topical term or geographic name entry element |
Image processing |
| General subdivision |
Digital techniques |
| 9 (RLIN) |
673 |
| 650 #0 - SUBJECT ADDED ENTRY--TOPICAL TERM |
| Topical term or geographic name entry element |
Image processing |
| General subdivision |
Digital techniques |
| 9 (RLIN) |
673 |
| 700 1# - ADDED ENTRY--PERSONAL NAME |
| Personal name |
Woods, Richard E. |
| Dates associated with a name |
1954- |
| 9 (RLIN) |
96527 |
| 856 42 - ELECTRONIC LOCATION AND ACCESS |
| Uniform Resource Identifier |
<a href="http://www.imageprocessingplace.com/">http://www.imageprocessingplace.com/</a> |
| 942 ## - ADDED ENTRY ELEMENTS (KOHA) |
| Source of classification or shelving scheme |
|
| Koha item type |
Reference |